| 000 | 00675nam#a2200217#c#4500 | ||
|---|---|---|---|
| 999 |
_c115502 _d115502 |
||
| 003 | IEF | ||
| 005 | 20260126164751.0 | ||
| 007 | ta | ||
| 008 | 950601s1970 fr fr | 0||u|fre|u | ||
| 040 |
_aES-MaIEF _bspa _cES-MaIEF |
||
| 100 | 1 |
_aGaudemet, Paul Marie _917846 |
|
| 245 | 1 | 0 |
_aPrécis de finances publiques _c Paul Marie Gaudment |
| 260 |
_aParis _bÉditions Montchrestien _c[1970] |
||
| 300 |
_aVII, 467 p. _c21,5 cm |
||
| 505 | _aContiene: Tome premier : Les opérations sur deniers publics: budget et trésor | ||
| 650 | 4 |
_aHACIENDA PUBLICA _950201 |
|
| 650 | 4 |
_aOPERACIONES FINANCIERAS _947873 |
|
| 650 | 4 |
_aTESORO PUBLICO _948559 |
|
| 942 | _cLIB | ||